Statistics for Countries With Smallest Gender Gap

Click here to take the quiz!

General Stats

  • This quiz has been taken 387 times
  • The average score is 14 of 20

Answer Stats

ScoreCountry% Correct
0.8417Norway
96%
0.8129Sweden
96%
0.8421Finland
94%
0.7583Germany
94%
0.7779Denmark
93%
0.7440United Kingdom
93%
0.7425Canada
90%
0.8731Iceland
90%
0.7608Netherlands
88%
0.7736Switzerland
87%
0.7823Ireland
84%
0.7684Belgium
83%
0.7437Austria
81%
0.7799New Zealand
77%
0.7610Latvia
46%
0.7510South Africa
32%
0.7540Cuba
26%
0.7832Philippines
14%
0.7530Lesotho
9%
0.7715Nicaragua
4%

Score Distribution

Percentile by Number Answered

Percent of People with Each Score

Your Score History

You have not taken this quiz